English Football Clubs by Three Clues #3 - Statistics

General Stats
  • This quiz has been taken 550 times
  • The average score is 15 of 24
Answer Stats
Clues Club % Correct
Addicks, Bartram, Curbishley Charlton Athletic
88%
Stein, Harford, Hatters Luton Town
87%
Coates, Matthews, Potteries Stoke City
87%
Mortensen, Ormerod, Tangerines Blackpool
86%
Houlding, Paisley, Carlsberg Liverpool
77%
Marsh, Bowles, Hoops Queens Park Rangers
77%
Hine, Hristov, Tykes Barnsley
73%
Essandoh, Ainsworth, Bucks Wycombe Wanderers
73%
Phillips, Porterfield, Rokerites Sunderland
71%
Crowther, Revie, Wilkinson Leeds United
70%
Milburn, Supermac, Gallowgate Newcastle United
69%
Owlerton, Hirst, Chansiri Sheffield Wednesday
68%
Coppinger, Keetley, Keepmoat Doncaster Rovers
66%
Christie, Shrimps, Fury Morecambe
62%
Eastville, Irene, Pirates Bristol Rovers
59%
Wagner, Kirklees, Thrice Huddersfield Town
59%
Hessenthaler, Priestfield, Medway Gillingham
58%
Cullis, Honvéd, Bull Wolverhampton Wanderers
58%
Young's, McDermott, Blundell Grimsby Town
54%
Lancs, Coleman, Exactly Accrington Stanley
52%
Brisbane, Hearn, Edinburgh Leyton Orient
51%
Springfield, Whelan, Amigos Wigan Athletic
44%
MacDougall, Fletcher, Boscombe Bournemouth
38%
Weaver, Wetherby, Sulphurites Harrogate Town
16%
No matching quizzes found
Score Distribution
Percent of People with Each Score
Percentile by Number Answered
Your Score History
You have not taken this quiz